A better deal (Record no. 114652)

MARC details
000 -LEADER
fixed length control field 01202cad a22002055a 4500
001 - CONTROL NUMBER
control field L157213
008 - FIXED-LENGTH DATA ELEMENTS--GENERAL INFORMATION
fixed length control field 120927s2012 xxk f 000 0 eng d
035 ## - SYSTEM CONTROL NUMBER
System control number (Sirsi) u157213
041 0# - LANGUAGE CODE
Language code of text/sound track or separate title eng
100 1# - MAIN ENTRY--PERSONAL NAME
Personal name De Santos, Robbie
245 02 - TITLE STATEMENT
Title A better deal
Remainder of title Towards more stable private renting
Medium [electronic resource]
260 ## - PUBLICATION, DISTRIBUTION, ETC.
Place of publication, distribution, etc. London
Name of publisher, distributor, etc. Shelter
Date of publication, distribution, etc. 2012
505 2# - FORMATTED CONTENTS NOTE
Formatted contents note Executive summary -- A picture of private renting in England -- Private renting in England -- What do renters want? -- The private renting industry -- How can renting be improved -- Recommendations -- Appendix tax packages
520 ## - SUMMARY, ETC.
Summary, etc. Looks at the growth in the private rented sector as renting becomes the norm rather than house purchase. Calls for longer tenure agreements to give more stability to landlords investment return and peace of mind for tenatns. Lists statistical data on private sector renters by region and income group and age..
590 ## - LOCAL NOTE (RLIN)
Local note KA NTK
651 #4 - SUBJECT ADDED ENTRY--GEOGRAPHIC NAME
Geographic name England
690 ## - LOCAL SUBJECT ADDED ENTRY--TOPICAL TERM (OCLC, RLIN)
Topical term or geographic name as entry element Residential property
9 (RLIN) 6266
856 40 - ELECTRONIC LOCATION AND ACCESS
Uniform Resource Identifier <a href="https://england.shelter.org.uk/__data/assets/pdf_file/0009/587178/A_better_deal_report.pdf">https://england.shelter.org.uk/__data/assets/pdf_file/0009/587178/A_better_deal_report.pdf</a>
Public note View the item free of charge from the www.england.shelter.org.uk website.
942 ## - ADDED ENTRY ELEMENTS (KOHA)
Suppress in OPAC 0
Holdings
Withdrawn status Lost status Source of classification or shelving scheme Damaged status Not for loan Home library Current library Shelving location Date acquired Total Checkouts Full call number Barcode Date last seen Copy number Price effective from Koha item type
    Dewey Decimal Classification     Virtual Virtual Online 27/09/2012   ONLINE PUBLICATION 157213-2001 06/08/2019 1 06/08/2019 Book